|
|
|
|
| LEADER |
00694nam a2200277 4500 |
| 001 |
DLU100106341 |
| 005 |
##20100414 |
| 040 |
# |
# |
|a DLU
|b vie
|
| 041 |
# |
# |
|a eng
|
| 044 |
# |
# |
|a us
|
| 082 |
# |
# |
|a 338.476 214 8
|b Ame
|
| 100 |
# |
# |
|a Fairchild, Johnson E.,
|e ed.
|
| 245 |
# |
# |
|a America faces the Nuclear Age /
|c Edited by Johnson E. Fairchild and David Landman.
|
| 260 |
# |
# |
|a New York :
|b Sheridan House,
|c 1961.
|
| 300 |
# |
# |
|a 156 p. ;
|c 22 cm.
|
| 700 |
# |
# |
|a Landman, David ,
|e ed.
|
| 923 |
# |
# |
|a 100/2010
|
| 992 |
# |
# |
|a 0
|
| 994 |
# |
# |
|a DLU
|
| 900 |
# |
# |
|a True
|
| 911 |
# |
# |
|a Lý Thị Hồng Hạnh
|
| 925 |
# |
# |
|a G
|
| 926 |
# |
# |
|a A
|
| 927 |
# |
# |
|a SH
|
| 980 |
# |
# |
|a Thư viện Trường Đại học Đà Lạt
|